| 000 | 00519nam a2200181 i 4500 | ||
|---|---|---|---|
| 001 | 39917 | ||
| 003 | ES-MaACL | ||
| 005 | 20240208163312.0 | ||
| 007 | t| | ||
| 008 | 030304s1969 sp ||||1| spa d | ||
| 100 | 1 |
_aCanellas López, Angel. _934480 |
|
| 245 | 1 | 0 |
_aParaninfos, 1844-1945 / _cAngel Canellas López. |
| 260 |
_aZaragoza : _bUniversidad de Zaragoza, _c1969. |
||
| 300 |
_a87 p. ; _c24 cm. |
||
| 710 | 2 |
_aUniversidad de Zaragoza _97352 |
|
| 852 |
_aES-MaACL _jC-46747 _bR.71562 |
||
| 999 |
_c39917 _d39917 |
||